| 000 | 00906nam a22002175i 4500 | ||
|---|---|---|---|
| 001 | 162785 | ||
| 003 | ES-MaACL | ||
| 005 | 20240416161429.0 | ||
| 008 | 990129s1877 sp ac |||| | spa d | ||
| 040 |
_aM-RABA _bspa _cM-RABA _dCCPB | B |
||
| 100 | 1 |
_aQuerol, Vicente W. _994547 |
|
| 245 | 1 | 0 |
_aRimas de Vicente W. Querol / _ccon un prólogo del Sr. Pedro A. de Alarcón. |
| 260 |
_aValencia : _b[s.n.], _c1877 ( _fImprenta de J. Domenech) |
||
| 300 |
_aXXII, 325 p., [1] h. de lám. ; _c21 cm. |
||
| 530 | _aDisponible también en sitio web. | ||
| 599 | _aLa h. de lám. es un retrato firmado por J. Porel: "Franch grº" | ||
| 700 | 1 |
_aAlarcón, Pedro Antonio de, _d1833-1891 _919134 |
|
| 852 |
_aES-MaACL _jD-3036 _z-- Enc. hol. |
||
| 856 |
_uhttp://bibliotecadigitalhispanica.bne.es:80/webclient/DeliveryManager?pid=3122616&custom_att_2=simple_viewer _zIr a la página |
||
| 999 |
_c162785 _d162785 |
||